Catálogo
 En Linea

XLV Asamblea general ordinaria de delegados : (Registro nro. 53440)

Detalles MARC
000 -CABECERA
campo de control de longitud fija 01025nam a2200253 i 4500
001 - NÚMERO DE CONTROL
campo de control 000048400
003 - IDENTIFICADOR DEL NÚMERO DE CONTROL
campo de control DO-SdBNP
005 - FECHA Y HORA DE LA ÚLTIMA TRANSACCIÓN
campo de control 20230508135310.0
007 - CAMPO FIJO DE DESCRIPCIÓN FÍSICA--INFORMACIÓN GENERAL
campo de control de longitud fija ta
008 - DATOS DE LONGITUD FIJA--INFORMACIÓN GENERAL
campo de control de longitud fija 190221s2016 dr a r 000 spa d
040 ## - FUENTE DE LA CATALOGACIÓN
Centro catalogador/agencia de origen DO-SdBNP
Lengua de catalogación spa
Centro/agencia transcriptor BNPHU
Normas de descripción rda
082 ## - NÚMERO DE LA CLASIFICACIÓN DECIMAL DEWEY
Número de edición 22
Número de documento/Ítem C961
111 ## - ENTRADA PRINCIPAL--NOMBRE DE CONGRESO/REUNIÓN
Nombre de congreso/reunión o jurisdicción como elemento de entrada Cooperativa Nacional de Servivios Múltiples de los Maestros, INC.
Sede del congreso/Lugar de la reunión Hotel Coopmarena, Juan Dolio, San Pedro de Macoris
Fecha del congreso/reunión 25 y 26 de Noviembre de 2016
9 (RLIN) 83339
245 #0 - MENCIÓN DE TÍTULO
Título XLV Asamblea general ordinaria de delegados :
Resto del título informe correspondiente al año fiscal 2015.
246 13 - FORMA VARIANTE DE TÍTULO
Título propio/Titulo breve Cuarenta y cinco asamblea general ordinaria de delegados :
Resto del título informe correspondiente al año fiscal 2015
260 ## - PUBLICACIÓN, DISTRIBUCIÓN, ETC.
Lugar de publicación, distribución, etc. Santo Domingo :
Nombre del editor, distribuidor, etc. Cooperativa Nacional de Servicios Múltiples de los Maestros,
Fecha de publicación, distribución, etc. 2015.
300 ## - DESCRIPCIÓN FÍSICA
Extensión 104 paginas. :
Otras características físicas ilustrado. ;
Dimensiones 28 cm.
336 ## - TIPO DE CONTENIDO
Fuente rdacontemp
Término de tipo de contenido texto
Código de tipo de contenido txt
337 ## - TIPO DE MEDIO
Fuente rdamedia
Nombre/término del tipo de medio sin mediación
Código del tipo de medio n
338 ## - TIPO DE SOPORTE
Fuente rdacarrier
Nombre/término del tipo de soporte volumen
Código del tipo de soporte nc
590 ## - NOTA LOCAL (RLIN)
Nota local Inventariado, 2023 / DG
910 ## - DATOS DE OPCIÓN DEL USUARIO (OCLC)
Datos de opción del usuario DG
942 ## - ELEMENTOS DE PUNTO DE ACCESO ADICIONAL (KOHA)
Fuente del sistema de clasificación o colocación Dewey Decimal Classification
Tipo de ítem Koha Libro
Existencias
Estado de retiro Estado de pérdida Fuente del sistema de clasificación o colocación Restricciones de uso No para préstamo Código de colección Localización permanente Ubicación/localización actual Ubicación en estantería Fecha de adquisición Total de préstamos Signatura topográfica completa Código de barras Fecha visto por última vez Precio válido a partir de Tipo de ítem Koha
    Dewey Decimal Classification Excluido de préstamo   Patrimonio Dominicano Folletos Biblioteca Nacional Pedro Henríquez Ureña Biblioteca Nacional Pedro Henríquez Ureña En catalogación 08.05.2023   BNPHU PD C961 2023-1620 08.05.2023 08.05.2023 Libro

Con tecnología Koha